BBC's Merlin - Statistics

General Stats
  • This quiz has been taken 1,890 times
  • The average score is 11 of 15
Answer Stats
Hint Answer % Correct
Always wears a scarf, usually red Merlin
100%
King of Camelot, always giving ^ a hard time Arthur
99%
Servant turned queen, though she and #1 did kiss in series one!! Guinevere
97%
Former King of Camelot, criminalized magic Uther
94%
Had a romantic love affair with #3, but died soon after Lancelot
93%
Half sister to #2, longs to become Queen of Camelot Morgana
92%
Court physician who mentors the young warlock Gaius
85%
Druid turned knight. Prophesied to bring the death of the King Mordred
77%
Comedic knight with flowing locks. Knows of Merlin's magic Gwaine
74%
The only knight without sleeves in his chain mail! Percival
72%
Knight of Camelot who has been around the longest of the knights. King's second-in-command? Leon
69%
Druid love interest of the young warlock Freya
52%
Brother of the Queen, a knight of Camelot Elyan
51%
Uncle of #2 who turned out to be against him. Also looked like Snape from Harry Potter! Agravaine
42%
A creature who gives the young warlock advice and assistance Kilgharrah
41%
No matching quizzes found
Score Distribution
Percent of People with Each Score
Percentile by Number Answered
Your Score History
You have not taken this quiz